Desequilibrios monetarios internos y estabilidad de precios en Costa Rica /

Gorde:
Xehetasun bibliografikoak
Egile nagusia: Ureña Ch., Claudio A
Formatua: Texto
Etiketak: Etiketa erantsi
Etiketarik gabe, Izan zaitez lehena erregistro honi etiketa jartzen!

MARC

LEADER 00000 a a2200000 04500
001 3082
003
040
100 |a Ureña Ch., Claudio A  
245 |a Desequilibrios monetarios internos y estabilidad de precios en Costa Rica /  |c Claudio A Ureña Ch. 
773 |g volumen 4, número 2; páginas 3-16  
999 |c 32759  |d 32759